000 00717nam a22002057a 4500
005 20240816102228.0
010 _aENG-141064
020 _c249.00
_a9789357417754
035 _aEN-124596
037 _bDBAD
082 _a621.38
_21
100 _aIndulatha, V.N
_970077
245 _aAdvanced Instrumentation Technology For Pharmaceutical Analysis/
_cBy V.N Indulatha [and] R. Priyadarsini
250 _a1
260 _aUttar Pradesh
_bBLUEROSE PUBLISHERS
_c2023
270 _bUttar Pradesh
_aABL Workspaces, B-6, Amaltash Marg, Block B, Sector 4, Noida, Uttar Pradesh
_e201301
300 _a145p.
_c20cm(pbk)
700 _aPriyadarsini, R.
_eAuthor
_970078
942 _2ddc
_h621.38
_cEN
_mIND
_e1
999 _c205059
_d205059